| 000 | 00557nam a22001817a 4500 | ||
|---|---|---|---|
| 003 | OSt | ||
| 005 | 20140310182519.0 | ||
| 008 | 130810t xxu||||| |||| 00| 0 eng d | ||
| 020 | _a9781604061772 | ||
| 050 |
_aRD 33.55 _b.In5825 2010 |
||
| 245 |
_aInterventional Radiology / _cedited by Hector Ferral |
||
| 260 |
_aUSA : _bThieme, _cc2010. |
||
| 300 |
_a209 p. : _bill. ; _c28 cm. |
||
| 650 |
_aRadiography, Interventional _xmethods _xcase reports. _99298 |
||
| 650 |
_aDiagnosis, Differential _xcase reports. _99299 |
||
| 942 |
_2lcc _cSSLC |
||
| 999 |
_c13999 _d13999 |
||